000 00366nam a2200145Ia 4500
008 240624s9999 xx 000 0 und d
041 _aeng
082 _a302.2 REM
100 _aREMLAND MARTIN S
245 _aNONVERBAL COMMUNICATION IN EVERYDAY LIFE
250 _a(4th ed.)
260 _c2017
_aNew Delhi
_bSage
300 _axix, 524 p.; 22 cm.
365 _c
_b32
999 _c29730
_d29730